Understanding Digital Signal (Record no. 23327)

000 -LEADER
fixed length control field 00253nam a22000977a 4500
003 - CONTROL NUMBER IDENTIFIER
control field Nust
005 - DATE AND TIME OF LATEST TRANSACTION
control field 20170512170149.0
008 - FIXED-LENGTH DATA ELEMENTS--GENERAL INFORMATION
fixed length control field 130409b xxu||||| |||| 00| 0 eng d
020 ## - INTERNATIONAL STANDARD BOOK NUMBER
Terms of availability Avalable
International Standard Book Number 8178082373
040 ## - CATALOGING SOURCE
Original cataloging agency DLC
Language of cataloging DLC
Transcribing agency RCMS
082 ## - DEWEY DECIMAL CLASSIFICATION NUMBER
Classification number 621.3822 LYO
100 ## - MAIN ENTRY--PERSONAL NAME
Personal name Lyons Richard G
9 (RLIN) 666
245 ## - TITLE STATEMENT
Title Understanding Digital Signal
260 ## - PUBLICATION, DISTRIBUTION, ETC.
Place of publication, distribution, etc. India
Name of publisher, distributor, etc. Pearson Education
Date of publication, distribution, etc. c2004
300 ## - PHYSICAL DESCRIPTION
Extent xvii,517,p:
Other physical details ill:
Dimensions 25,cm.
538 ## - SYSTEM DETAILS NOTE
Display text Shelf # 15, Row # 1, Communication.
650 ## - SUBJECT ADDED ENTRY--TOPICAL TERM
Topical term or geographic name entry element Electrical & Mechanical Engineering
9 (RLIN) 663
856 ## - ELECTRONIC LOCATION AND ACCESS
Materials specified Table of Content Only
942 ## - ADDED ENTRY ELEMENTS (KOHA)
Source of classification or shelving scheme
Koha item type Book
Holdings
Withdrawn status Lost status Source of classification or shelving scheme Damaged status Not for loan Permanent Location Current Location Shelving location Date acquired Total Checkouts Full call number Barcode Date last seen Price effective from Koha item type
          School of Interdisciplinary Engineering and Sciences (SINES) School of Interdisciplinary Engineering and Sciences (SINES) General Stacks 04/09/2013   621.30LYO RCMS000023 04/09/2013 04/09/2013 Book
© 2023 Central Library, National University of Sciences and Technology. All Rights Reserved.